000 00368nam a22001337a 4500
020 _qHB.
040 _cFIZZA ISHAQ
082 _a346.7307
_bLEE
100 _aLeete , Burt A.
_9134440
245 _aBusiness Law Text and Cases /
_c Burt A Leete.
260 _aNew York:
_bMacmillan Publishing Company ,
_c1978.
300 _axvii ; 949 p. ;
_c26 cm
942 _2ddc
_cBK
999 _c617437
_d617437